| 000 | 00767nam a22001697a 4500 | ||
|---|---|---|---|
| 999 |
_c62900 _d62900 |
||
| 003 | Ge_BSU | ||
| 005 | 20250318121435.0 | ||
| 008 | 250318s1966 ge ||||| |||| 00| 0 geo d | ||
| 041 | _ageo | ||
| 080 | _a617.5(075.8) ჩ-31 | ||
| 100 |
_aჩაჩავა, მიხეილ _923431 |
||
| 245 |
_aკერძო ქირურგია : მოკლე კურსი : _b[სახელმძღვანელო სამედ. ინ-ტის სტუდენტებისათვის] / _cმიხეილ ჩაჩავა. |
||
| 264 |
_aთბილისი : _bგანათლება, _c1966. |
||
| 300 |
_a411 გვ. : _bილ. ; _c27 სმ. |
||
| 653 | _aკერძო ქირურგია | ||
| 942 |
_2udc _cᲬᲘᲒᲜᲘ |
||